Представление документа в формате MARC21

Поле Инд. ПП Название Значение
Тип записи a
Библиографический уровень m
001 Контрольный номер RU/IS/BASE/242402538
005 Дата корректировки 20240425114053.6
008 Кодируемые данные 20070906
022 a ISSN 0868-7420
041 a Код языка текста rus
084 a Индекс другой классификации/Индекс ББК 20.1
090 a Полочн. индекс 95.4+20.1
097 00 a 110
245 00 a Заглавие Экологический вестник России
c Ответственность гл. ред. Б. Г. Триль
n Номер части/ раздела №7/2007
246 a Другая форма заглавия ЭВР
260 00 a Место издания М.
b Издательство Экологический вестник
c Дата издания 2007
300 a Объем 48 с.
500 00 a Примечание Журнал
505 a Форматированное содержание Переработка осадков сточных вод городских очистных сооружений
b Автор Зверева Н. С.
505 a Форматированное содержание На пути создания безопасного общества
n Доп. информация Интервью с руководителем РОСТЕХНАДЗОРА К.Б.Пуликовским
505 a Форматированное содержание Будущее России в новых технологиях
b Автор Кравчук М. А.
505 a Форматированное содержание Система ЭКОЮРС
b Автор Кокотов Б. В.
505 a Форматированное содержание Создание региональной базы данных отходов
b Автор Оганесян Р. О.
b Автор Попов Г. И.
b Автор Макаров А. К.
505 a Форматированное содержание Город без дымовых труб
b Автор Козин Ю. А.
505 a Форматированное содержание На пути к устойчивому развитию
b Автор Кокорин А. О.
b Автор Кураев С. Н.
505 a Форматированное содержание Российский бизнес и экологическая культура
b Автор Пусенкова Н. Н.
b Автор Солнцева Е. А.
650 a Основная рубрика экология
653 a Ключевые слова безопасность общества
a Ключевые слова городская экосистема
a Ключевые слова новые технологии
a Ключевые слова отходы
a Ключевые слова очистные сооружения
a Ключевые слова переработка отходов
a Ключевые слова региональная экология
a Ключевые слова Россия
a Ключевые слова сточные воды
a Ключевые слова устойчивое развитие
a Ключевые слова экологическая культура
773 w Контрольный № источника RU/IS/BASE/404591277
901 t Тип документа s
952 a Тип литературы для КСУ ВШ НЖ